Petroleum refining and petrochemistry four-language dictionary : (Record no. 3981)
[ view plain ]
| 000 -LEADER | |
|---|---|
| fixed length control field | 00958nac a22002171u 4500 |
| 010 ## - LIBRARY OF CONGRESS CONTROL NUMBER | |
| LC control number | 78074100 |
| 020 ## - INTERNATIONAL STANDARD BOOK NUMBER | |
| International Standard Book Number | 0872016730 |
| 082 00 - DEWEY DECIMAL CLASSIFICATION NUMBER | |
| Classification number | 665.5303 |
| Item number | L5316 |
| 090 ## - LOCALLY ASSIGNED LC-TYPE CALL NUMBER (OCLC); LOCAL CALL NUMBER (OCLC) | |
| -- | 3981 |
| -- | 3981 |
| 100 ## - MAIN ENTRY--PERSONAL NAME | |
| Personal name | 20080729 |
| 245 00 - TITLE STATEMENT | |
| Title | Petroleum refining and petrochemistry four-language dictionary : |
| Remainder of title | English, German, French, Russian, containing approximately 6000 technical terms / |
| Statement of responsibility, etc | edited by Walter Leipnitz ; [authors, Rudolf Sowada ... et al]. |
| 260 ## - PUBLICATION, DISTRIBUTION, ETC. (IMPRINT) | |
| Place of publication, distribution, etc | Houston : |
| Name of publisher, distributor, etc | Gulf Pub. Co.,1976 |
| Date of publication, distribution, etc | 1976. |
| 300 ## - PHYSICAL DESCRIPTION | |
| Extent | 268 p. (p. 268 blank for "Notes") ; |
| Dimensions | 25 cm. |
| 650 #0 - SUBJECT ADDED ENTRY--TOPICAL TERM | |
| Topical term or geographic name as entry element | Petroleum |
| General subdivision | Refining |
| -- | Dictionaries |
| -- | Polyglot. |
| 650 #0 - SUBJECT ADDED ENTRY--TOPICAL TERM | |
| Topical term or geographic name as entry element | Petroleum chemicals |
| General subdivision | Dictionaries |
| -- | Polyglot. |
| 650 #0 - SUBJECT ADDED ENTRY--TOPICAL TERM | |
| Topical term or geographic name as entry element | Dictionaries, Polyglot. |
| 700 1# - ADDED ENTRY--PERSONAL NAME | |
| Personal name | Leipnitz, Walter. |
| 700 1# - ADDED ENTRY--PERSONAL NAME | |
| Personal name | Sowada, Rudolf. |
| 942 ## - ADDED ENTRY ELEMENTS (KOHA) | |
| Item type | NB - Book (Non borrowing) |
| Call number prefix | 665.5303L5316 |
| Withdrawn status | Item status | Damaged status | Not for loan | Home library | Current library | Shelving location | Date acquired | Source of acquisition | Total Checkouts | Full call number | Barcode | Date last seen | Koha item type |
|---|---|---|---|---|---|---|---|---|---|---|---|---|---|
| Central Library | Central Library | First floor | 07/08/2014 | Purchase | 665.5303 PET | 000005049 | 15/07/2025 | NB - Book (Non borrowing) |